<Die> Beschäftigungssituation Behinderter eine mathematisch - statistische darstellung und analyse der beschäftigungsproblematik behinderter

Saved in:
Bibliographic Details
Main Author: Schettkat, Ronald
Other Authors: Semlinger, Klaus
Format: Book
Language:German
Published: Berlin Internationales Institut für Management und Verwaltung 1982
Series:Discussion Papers IIM/LMP 82-7
Tags: Add Tag
No Tags, Be the first to tag this record!

MARC

LEADER 00000nam a2200000 4500
001 c114413
005 20181203150326.5
041 0 |a ger 
044 |a DE 
245 1 0 |a <Die> Beschäftigungssituation Behinderter  |b eine mathematisch - statistische darstellung und analyse der beschäftigungsproblematik behinderter  |c Ronald Schettkat, Klaus Semlinger 
264 1 |a Berlin  |b Internationales Institut für Management und Verwaltung  |c 1982 
300 |a 97 s. 
490 1 |a Discussion Papers  |v IIM/LMP 82-7 
830 0 |a Discussion Papers  |v IIM/LMP 82-7 
100 1 |a Schettkat, Ronald 
700 1 |a Semlinger, Klaus